| 000 | 00648nam a2200217 a 4500 | ||
|---|---|---|---|
| 001 | 9052 | ||
| 003 | CO-ViMGA | ||
| 008 | 141112s2004 ck r 000 u spa d | ||
| 020 | _a9582808039 | ||
| 040 |
_aCO-ViMGA _bspa _cCO-ViMGA |
||
| 082 | 0 | 4 | _a616.024 J17m |
| 100 | 1 |
_aJaramillo , Arcesio _99318 |
|
| 245 | 1 | 0 | _aLa Medicina del siglo XXI |
| 260 |
_aBogotá, _cINTERMEDIO EDS., _cCIRCULO DE LECTORES, _c1995 |
||
| 300 | _axxii, 270 p., 21 cm | ||
| 650 | 1 | 4 |
_aENFERMEDADES - DIAGNOSTICO - MANUALES _99319 |
| 650 | 1 | 4 |
_aMEDICINA POPULAR - MANUALES _99320 |
| 650 | 1 | 4 |
_aNATURISMO - MANUALES _99321 |
| 650 | 1 | 4 |
_aSALUD PUBLICA _9454 |
| 942 |
_2ddc _cBK |
||
| 999 |
_c20617 _d20617 |
||